<?xml version="1.0" encoding="UTF-8"?>
<record
    xmlns:xsi="http://www.w3.org/2001/XMLSchema-instance"
    xsi:schemaLocation="http://www.loc.gov/MARC21/slim http://www.loc.gov/standards/marcxml/schema/MARC21slim.xsd"
    xmlns="http://www.loc.gov/MARC21/slim">

  <leader>01002    a2200169   4500</leader>
  <datafield tag="020" ind1=" " ind2=" ">
    <subfield code="a">9968936596</subfield>
  </datafield>
  <datafield tag="082" ind1=" " ind2=" ">
    <subfield code="a">972.860.52</subfield>
    <subfield code="b">A184h</subfield>
  </datafield>
  <datafield tag="100" ind1=" " ind2=" ">
    <subfield code="a">Acu&#x105; Ortega, Victor Hugo</subfield>
    <subfield code="9">339</subfield>
  </datafield>
  <datafield tag="245" ind1=" " ind2=" ">
    <subfield code="a">Historia e Incertidumbre</subfield>
  </datafield>
  <datafield tag="250" ind1=" " ind2=" ">
    <subfield code="a">1 edicion</subfield>
  </datafield>
  <datafield tag="260" ind1=" " ind2=" ">
    <subfield code="a">San Jose, Costa Rica</subfield>
    <subfield code="b">Editorial UCR</subfield>
    <subfield code="c">2007</subfield>
  </datafield>
  <datafield tag="300" ind1=" " ind2=" ">
    <subfield code="a">102 p.</subfield>
    <subfield code="b">ill (a color)</subfield>
    <subfield code="c">21 cm</subfield>
  </datafield>
  <datafield tag="440" ind1=" " ind2=" ">
    <subfield code="a">Serie Cuadernos de Historia de la Cultura</subfield>
    <subfield code="v">22</subfield>
    <subfield code="9">340</subfield>
  </datafield>
  <datafield tag="505" ind1=" " ind2=" ">
    <subfield code="t">Presentacion</subfield>
    <subfield code="t">Historia e Incertidumbre Introduccion</subfield>
    <subfield code="t">I. Estudiar Historia</subfield>
    <subfield code="t">II. Sudando con Clio</subfield>
    <subfield code="t">III. Los desafo&#x315;s de la historia en Centroam&#x159;ica</subfield>
    <subfield code="t">IV. Historia y ciudadania</subfield>
    <subfield code="t">V. Historia e incertidumbre</subfield>
    <subfield code="t">VI. Memoria, olvido, impunidad y secularizacion politica</subfield>
    <subfield code="t">VII. Retos y perspectivas del nuevo milenio</subfield>
    <subfield code="t">VIII. El lugar de la identidad y la identidad en su lugar</subfield>
    <subfield code="t">IX. Elogio del inmigrante</subfield>
    <subfield code="t">Bibliografia</subfield>
    <subfield code="t">Acerca del autor</subfield>
  </datafield>
  <datafield tag="650" ind1=" " ind2=" ">
    <subfield code="a">Historia</subfield>
    <subfield code="x">siglo XX-XXI</subfield>
    <subfield code="x">identidad cultural</subfield>
    <subfield code="x">alienacion</subfield>
    <subfield code="x">poder</subfield>
    <subfield code="x">Victor Hugo Acu&#x105; Ortega</subfield>
    <subfield code="z">Costa rica</subfield>
    <subfield code="9">341</subfield>
  </datafield>
  <datafield tag="700" ind1=" " ind2=" ">
    <subfield code="a">Victor Hugo Acu&#x105; Ortega</subfield>
    <subfield code="9">342</subfield>
  </datafield>
  <datafield tag="999" ind1=" " ind2=" ">
    <subfield code="c">68</subfield>
    <subfield code="d">68</subfield>
  </datafield>
  <datafield tag="952" ind1=" " ind2=" ">
    <subfield code="0">0</subfield>
    <subfield code="1">0</subfield>
    <subfield code="2">ddc</subfield>
    <subfield code="4">0</subfield>
    <subfield code="7">0</subfield>
    <subfield code="a">LV</subfield>
    <subfield code="b">LV</subfield>
    <subfield code="d">2014-04-09</subfield>
    <subfield code="l">0</subfield>
    <subfield code="o">972.860.52 A184h</subfield>
    <subfield code="p">000007</subfield>
    <subfield code="r">2014-04-09 00:00:00</subfield>
    <subfield code="w">2014-04-09</subfield>
    <subfield code="y">01</subfield>
  </datafield>
</record>
